[Event "6' Festival Internazionale"]
[Site "Fermo"]
[Date "2021.04.25"]
[Round "5"]
[White "Orfini, Nicolo'"]
[Black "Lumachi, Gabriele"]
[Result "0-1"]
[WhiteElo "2229"]
[BlackElo "2316"]
[PlyCount "62"]
[EventDate "2021.02.21"]
[SourceDate "2021.02.21"]

1. e4 Nf6 2. e5 Nd5 3. d4 d6 4. c4 Nb6 5. exd6 cxd6 6. Nc3 g6 7. Be3 Bg7 8. Rc1
O-O 9. b3 d5 10. c5 Nc6 11. cxb6 e5 12. Nge2 exd4 13. Nxd4 Bxd4 14. Bxd4 Qh4
15. Ne2 axb6 16. a4 Re8 17. Ba1 Bf5 18. Rxc6 bxc6 19. Qd4 Qxd4 20. Bxd4 c5 21.
Bb2 Bc2 22. b4 Rxa4 23. Kd2 Bf5 24. bxc5 bxc5 25. Nc1 Rb8 26. Be5 Rb1 27. Be2
d4 28. Rd1 Raa1 29. Bf4 Rb2+ 30. Ke1 Bc2 31. Nd3 Rxd1+ 0-1